000 00303nam a2200121 i 4500
001 bg
245 0 _aZ badań architektury Śląska /
_cpod red. nauk. Jadwigi Sławińskiej.
260 _aWrocław,
_c1974.
040 _cBPK
041 _apol
942 _cKS
008 s pl f |000 0 pol
999 _c26565
_d26565
856 _uhttp://koha.tu.koszalin.pl/cgi-bin/koha/opac-detail.pl?biblionumber=26565
_yKatalog online BPK